| 000 | 01284nac a22003131i 4500 | ||
|---|---|---|---|
| 003 | EG-ScBUE | ||
| 005 | 20241001094359.0 | ||
| 008 | 090226t1999 nyua f b 001 0 eng d | ||
| 020 | _a047133328X | ||
| 020 | _a9780471333289 | ||
| 040 |
_aEG-ScBUE _beng _erda _cEG-ScBUE _dEG-ScBUE |
||
| 082 | 0 | 4 |
_a510.2462 _bKRE _222 |
| 100 | 1 |
_aKreyszig, Erwin, _eauthor. _912964 |
|
| 245 | 1 | 0 |
_aAdvanced engineering mathematics / _cErwin Kreyszig, professor of mathematics, Ohio State University, Columbus, Ohio. |
| 250 | _aEighth edition. | ||
| 264 | 1 |
_aNew York : _bJohn Wiley and Sons, Inc., _c[1999] |
|
| 264 | 4 | _cc1999 | |
| 300 |
_a1 volume (various pagings) : _bcolor illustrations ; _c27 cm |
||
| 336 |
_2rdacontent _atext _btxt |
||
| 337 |
_aunmediated _2rdamedia _bn |
||
| 338 |
_avolume _bnc _2rdacarrier |
||
| 504 | _aIncludes bibliographical references and index. | ||
| 650 | 7 |
_aEngineering mathematics. _2BUEsh _933463 |
|
| 650 | 7 |
_aMathematical physics. _2BUEsh _933464 |
|
| 655 |
_aDifferential Equations- year 1. _vReading book _xEngineering _ySemester 2. 2008/2009 |
||
| 856 | 4 | 2 |
_3Publisher description _uhttp://www.loc.gov/catdir/description/wiley033/98037591.html |
| 856 | 4 | 2 |
_3Table of Contents _uhttp://www.loc.gov/catdir/toc/onix04/98037591.html |
| 942 |
_cBB _2ddc |
||
| 999 |
_c1215 _d1215 |
||